Advanced Engine Performance Diagnosis (Record no. 30565)

MARC details
000 -LEADER
fixed length control field 00351nam a22001457a 4500
003 - CONTROL NUMBER IDENTIFIER
control field OSt
005 - DATE AND TIME OF LATEST TRANSACTION
control field 20220216105058.0
008 - FIXED-LENGTH DATA ELEMENTS--GENERAL INFORMATION
fixed length control field 220216b |||||||| |||| 00| 0 eng d
020 ## - INTERNATIONAL STANDARD BOOK NUMBER
International Standard Book Number 139780135036884
040 ## - CATALOGING SOURCE
Transcribing agency HU
082 ## - DEWEY DECIMAL CLASSIFICATION NUMBER
Edition number 4th
Classification number 629.2504
100 ## - MAIN ENTRY--PERSONAL NAME
Personal name Ha;derman
9 (RLIN) 30670
245 ## - TITLE STATEMENT
Title Advanced Engine Performance Diagnosis
942 ## - ADDED ENTRY ELEMENTS (KOHA)
Source of classification or shelving scheme Dewey Decimal Classification
Koha item type Books like text book referance book
Suppress in OPAC No
Holdings
Withdrawn status Lost status Source of classification or shelving scheme Damaged status Not for loan Home library Current library Shelving location Date acquired Total Checkouts Full call number Barcode Date last seen Copy number Price effective from Koha item type
    Dewey Decimal Classification     IoT Library IoT Library General Stacks 02/16/2022   629.2504/HAL 2009 IOTL0013043 02/16/2022 1 02/16/2022 Books like text book referance book
    Dewey Decimal Classification     IoT Library IoT Library General Stacks 02/16/2022   629.2504/HAL 2009 IOTL0013044 02/16/2022 2 02/16/2022 Books like text book referance book
    Dewey Decimal Classification     IoT Library IoT Library General Stacks 02/16/2022   629.2504/HAL 2009 IOTL0013045 02/16/2022 3 02/16/2022 Books like text book referance book